| 000 | 00438nam a22001817a 4500 | ||
|---|---|---|---|
| 003 | MPLRDC | ||
| 005 | 20220104124429.0 | ||
| 008 | 210129b ||||| |||| 00| 0 eng d | ||
| 020 | _a967-9980-12-X | ||
| 082 | _a859.3 ETCS v.9 | ||
| 100 | _a海鸥出版公司 | ||
| 245 |
_a金色的房子 _c |
||
| 260 |
_a _b上海书局 _c |
||
| 300 | _b平 | ||
| 490 | _a儿童彩色丛书 | ||
| 650 | _a儿童故事 | ||
| 942 |
_cBK _o859.3 ETCS v.9 |
||
| 999 |
_c19268 _d19258 |
||